Az áthasonlítás (asszimiláció) (Tanítás a polg. fiúiskola II. osztályában) /
Elmentve itt :
| Szerző: | |
|---|---|
| Dokumentumtípus: | Cikk |
| Megjelent: |
1935
|
| Sorozat: | A cselekvés iskolája
3 |
| Kulcsszavak: | Neveléstudomány |
| Online Access: | http://acta.bibl.u-szeged.hu/33373 |
| LEADER | 00613nab a2200169 i 4500 | ||
|---|---|---|---|
| 001 | acta33373 | ||
| 005 | 20210722093013.0 | ||
| 008 | 161017s1935 hu o 0|| hun d | ||
| 040 | |a SZTE Egyetemi Kiadványok Repozitórium |b hun | ||
| 041 | |a hun | ||
| 100 | 1 | |a Jeges Sándor | |
| 245 | 1 | 3 | |a Az áthasonlítás (asszimiláció) |h [elektronikus dokumentum] : |b (Tanítás a polg. fiúiskola II. osztályában) / |c Jeges Sándor |
| 260 | |c 1935 | ||
| 300 | |a 489-495 | ||
| 490 | 0 | |a A cselekvés iskolája |v 3 | |
| 695 | |a Neveléstudomány | ||
| 856 | 4 | 0 | |u http://acta.bibl.u-szeged.hu/33373/1/cselekves_003_489-495.pdf |z Dokumentum-elérés |